000 00605nam a2200205 a 4500
001 BRCA_4239
005 20190320204610.0
008 110610s1945----nyu#######---#000-0#eng-#
041 _aeng
044 _anyu
050 4 _aE302
_b.B46 1945
245 1 0 _aBenjamin Franklin´s
_bAutobiographical Writings
_cBenjamin Franklin´s ; ed. Carl van Doren.
260 _aNueva York
_bThe Viking
_c1945
300 _a810 p.
_c22 cm.
500 _aAM51
600 1 4 _aFranklin, Benjamin
_d1706-1790
_vBiografía
_zEstados Unidos
_910925
700 1 _aDoren, Carl van
_eEditor
_910926
902 _aGFM
942 _2lcc
_cB
999 _c3950
_d3950